Tasavvuf terimleri sözlüğü /

Saved in:
Bibliographic Details
Main Author: Uludağ, Süleyman.
Format: Book
Language:Turkish
Published: Cağaloğlu, İstanbul : Marifet Yayınları, 1977 [i.e. 1997?]
Edition:Gözden geçirilmiş, ilâveli 3. baskı.
Series:İslâmı̂ araştırmalar dizisi ; 19.
Subjects:
Tags: Add Tag
No Tags, Be the first to tag this record!
LEADER 00953nam a2200289 a 4500
001 007788134-6
005 20020606104010.5
008 980513s1997 tu bd 000|0 tur d
020 |a 975359058X 
035 0 |a ocm72436698 
050 4 |a BP188.48  |b U48 1997 
090 |a BP188.48  |b .U48 1997 
100 1 |a Uludağ, Süleyman. 
245 1 0 |a Tasavvuf terimleri sözlüğü /  |c Süleyman Uludağ. 
250 |a Gözden geçirilmiş, ilâveli 3. baskı. 
260 |a Cağaloğlu, İstanbul :  |b Marifet Yayınları,  |c 1977 [i.e. 1997?] 
300 |a 604 p. ;  |c 19 cm. 
490 1 |a İslâmı̂ araştırmalar dizisi ;  |v 19 
504 |a Includes bibliographical references (p. [599]-604). 
500 |a "45"--P. facing t.p. 
650 0 |a Sufism  |x Dictionaries  |x Turkish. 
650 0 |a Sufism  |v Dictionaries. 
655 7 |a Dictionaries.  |2 fast 
752 |a Turkey  |d Istanbul. 
830 0 |a İslâmı̂ araştırmalar dizisi ;  |v 19. 
988 |a 20020608 
906 |0 MH